Apendicitis (Registro nro. 72158)

Detalles MARC
001 - NÚMERO DE CONTROL
campo de control 161046
005 - FECHA Y HORA DE LA ÚLTIMA TRANSACCIÓN
campo de control 20260506075355.0
008 - DATOS DE LONGITUD FIJA--INFORMACIÓN GENERAL
campo de control de longitud fija 971218s1897 ||||||m| spa
035 ## - NÚMERO DE CONTROL DEL SISTEMA
Número de control de sistema 161046
040 ## - FUENTE DE LA CATALOGACIÓN
Centro/agencia transcriptor comduadb
041 ## - CÓDIGO DE LENGUA
Código de lengua del texto/banda sonora o título independiente spa
080 ## - NÚMERO DE LA CLASIFICACIÓN DECIMAL UNIVERSAL
Número de la Clasificación Decimal Universal T
100 10 - ENTRADA PRINCIPAL--NOMBRE DE PERSONA
Nombre de persona Rodriguez, Ernesto
Código de función aut
Término indicativo de función/relación Autor/a
9 (RLIN) 277266
245 10 - MENCIÓN DE TÍTULO
Título Apendicitis
260 ## - PUBLICACIÓN, DISTRIBUCIÓN, ETC.
Lugar de publicación, distribución, etc. Medellín,
Fecha de publicación, distribución, etc. 1897.
300 ## - DESCRIPCIÓN FÍSICA
Extensión 34 páginas
650 ## - PUNTO DE ACCESO ADICIONAL DE MATERIA--TÉRMINO DE MATERIA
Término de materia o nombre geográfico como elemento de entrada Apendicitis
9 (RLIN) 21161
942 ## - ELEMENTOS DE ENTRADA AGREGADA (KOHA)
Tipo de ítem Koha Libros
Existencias
Estado de retiro Estado de pérdida Estado dañado No para préstamo Código de colección Localización permanente Ubicación/localización actual Fecha de adquisición Fuente de adquisición Número de inventario Total de préstamos Signatura topográfica completa Código de barras Fecha visto por última vez Número de copia Precio válido a partir de Tipo de ítem Koha
        Colección de Tesis Biblioteca Médica, Campus Medellín Biblioteca Médica, Campus Medellín 18/12/1997 Material adquirido por donación C220472   T 01841 61000001070735 21/04/2023 1 21/04/2023 Tesis - Reserva